BMC Sports Science, Medicine and Rehabilitation: (Record no. 40639)
[ view plain ]
| 000 -LEADER | |
|---|---|
| fixed length control field | 01050nam a2200265Ii 4500 |
| 008 - FIXED-LENGTH DATA ELEMENTS--GENERAL INFORMATION | |
| fixed length control field | 211104s9999 xx 000 0 und d |
| 022 ## - INTERNATIONAL STANDARD SERIAL NUMBER | |
| International Standard Serial Number | 2052-1847 |
| 041 ## - LANGUAGE CODE | |
| Language code of text/sound track or separate title | eng |
| 245 #0 - TITLE STATEMENT | |
| Title | BMC Sports Science, Medicine and Rehabilitation: |
| 264 ## - PRODUCTION, PUBLICATION, DISTRIBUTION, MANUFACTURE, AND COPYRIGHT NOTICE | |
| Place of production, publication, distribution, manufacture | United Kingdom: |
| Name of producer, publisher, distributor, manufacturer | BMC |
| 336 ## - CONTENT TYPE | |
| Source | rdacontent |
| Content type term | text |
| Content type code | txt |
| 337 ## - MEDIA TYPE | |
| Source | rdamedia |
| Media type term | computer |
| Media type code | c |
| 338 ## - CARRIER TYPE | |
| Source | rdacarrier |
| Carrier type term | online resource |
| Carrier type code | cr |
| 540 ## - TERMS GOVERNING USE AND REPRODUCTION NOTE | |
| -- | CC BY, CC0 |
| Uniform Resource Identifier | <a href="https://bmcsportsscimedrehabil.biomedcentral.com/submission-guidelines/copyright">https://bmcsportsscimedrehabil.biomedcentral.com/submission-guidelines/copyright</a> |
| 540 ## - TERMS GOVERNING USE AND REPRODUCTION NOTE | |
| Uniform Resource Identifier | <a href="http://bmcsportsscimedrehabil.biomedcentral.com/about">http://bmcsportsscimedrehabil.biomedcentral.com/about</a> |
| 540 ## - TERMS GOVERNING USE AND REPRODUCTION NOTE | |
| Uniform Resource Identifier | <a href="http://bmcsportsscimedrehabil.biomedcentral.com/articles/10.1186/s13102-016-0028-y">http://bmcsportsscimedrehabil.biomedcentral.com/articles/10.1186/s13102-016-0028-y</a> |
| 540 ## - TERMS GOVERNING USE AND REPRODUCTION NOTE | |
| Uniform Resource Identifier | <a href="https://www.biomedcentral.com/about/policies/license-agreement">https://www.biomedcentral.com/about/policies/license-agreement</a> |
| 653 ## - INDEX TERM--UNCONTROLLED | |
| Uncontrolled term | Rehabilitation |
| 653 ## - INDEX TERM--UNCONTROLLED | |
| Uncontrolled term | Sports medicine |
| 653 ## - INDEX TERM--UNCONTROLLED | |
| Uncontrolled term | Exercise sciences |
| 710 2# - ADDED ENTRY--CORPORATE NAME | |
| Corporate name or jurisdiction name as entry element | The Directory of Open Access Journals |
| 856 ## - ELECTRONIC LOCATION AND ACCESS | |
| Uniform Resource Identifier | <a href="http://bmcsportsscimedrehabil.biomedcentral.com">http://bmcsportsscimedrehabil.biomedcentral.com</a> |
| 856 ## - ELECTRONIC LOCATION AND ACCESS | |
| Uniform Resource Identifier | <a href="https://doaj.org/toc/6424440ac19546f49bb603084c4d06b9">https://doaj.org/toc/6424440ac19546f49bb603084c4d06b9</a> |
| 942 ## - ADDED ENTRY ELEMENTS (KOHA) | |
| Koha item type | E-JOURNALS |
| Withdrawn status | Damaged status | Not for loan | Home library | Current library | Date acquired | Total Checkouts | Date last seen | Price effective from | Koha item type |
|---|---|---|---|---|---|---|---|---|---|
| The Directory of Open Access Journals | The Directory of Open Access Journals | 11/04/2021 | 11/04/2021 | 11/04/2021 | E-JOURNALS |